| 000 | 01103nam a22003017i 4500 | ||
|---|---|---|---|
| 003 | EG-GICUC | ||
| 005 | 20260121101508.0 | ||
| 008 | 251216s1932 sz ||||fry||| 001 0 fre d | ||
| 040 |
_aEG-GiCUC _bfre _cEG-GiCUC _dEG-GiCUC _eRda |
||
| 041 | _afre | ||
| 082 | 0 | 4 |
_221 _a341.2 _bSO . N |
| 092 | 0 | 4 | _221 |
| 099 | _aLaw1 REF 11 341.2 SO . N 1932 | ||
| 110 | 2 | _aSociete Des Nations. | |
| 245 | 1 | 0 |
_aAnnuaire Sanitaire international 1930. _cSociete Des Nations. _nVolume VI, _pRapports (et statistiques démographiques et sanitaires) sur les progrès réalisés dans le domaine de l’hygiène publique en vingt-quatre pays et colonies / |
| 264 | 1 |
_aGeneve : _bSociete Des Nations, _c1932. |
|
| 300 |
_a1115 page ; _billustration _c 24 cm. |
||
| 336 |
_2rda contenu _a texte |
||
| 337 |
_2rda medias _aOrdinateur |
||
| 338 |
_2 transporteur rda _a Ressource en ligne |
||
| 504 | _aInclude Bibliographic references | ||
| 546 | _aTexte en français | ||
| 650 | 1 | _2qrmak | |
| 651 | 1 | _2qrmak | |
| 856 | 4 | 0 | _uhttps://fll.law.cu.edu.eg/fulltext/bks/B11-05232.pdf |
| 905 | _a5 | ||
| 942 |
_2ddc _cBK _e21 _n0 |
||
| 999 |
_c50767 _d50767 |
||